| 000 | 00850nam a22002177a 4500 | ||
|---|---|---|---|
| 008 | 161003b xxu||||| |||| 00| 0 eng d | ||
| 020 | _a9715503543 | ||
| 082 |
_22000 _aDFil 551.432 _bAl2 |
||
| 100 |
_915684 _aAlejo, Albert E.,SJ |
||
| 245 |
_aGenerating energies in Mount Apo: _bcultural politics in a contested environment/ _cAlbert E. Alejo, SJ. |
||
| 260 |
_aQuezon City: _bADMU Press, _cc2000. |
||
| 300 |
_avii, 324 pages: _billustrations; _c23 cm. |
||
| 500 | _aIncludes glossary, appendices, bibliographical references, and index. | ||
| 650 | 0 |
_915685 _aApo, Mount (Philippines). |
|
| 650 | 0 |
_915686 _aGeothermal power plants _xEnvironmental aspects _zMindanao |
|
| 650 | 0 |
_915687 _aEcology _xPolitical aspects _zMindanao |
|
| 650 | 0 |
_915688 _aEthnography |
|
| 650 | 0 |
_915689 _aApplied anthropology |
|
| 365 |
_b462.00 _cPhp. |
||
| 942 |
_2ddc _cDFIL |
||
| 999 |
_c5004 _d5004 |
||